| 000 | 00608nam a22001577a 4500 | ||
|---|---|---|---|
| 999 |
_c61406 _d61406 |
||
| 005 | 20240307113342.0 | ||
| 008 | 240307s1987 ru ||||| |||| 00| 0 rus d | ||
| 041 | _arus | ||
| 080 | _a008(091)(4+73) K-36 | ||
| 100 |
_aКертман, Л.Е. _921359 |
||
| 245 |
_aИстория культуры стран Европы и Америки (1870-1917) _cЛ.Е. Кертман. |
||
| 264 |
_aМосква : _bВысш. школа, _c1987. |
||
| 300 |
_a304 с. _b24 . _cсм. |
||
| 653 | _aევროპისა და ამერიკის კულტურის ისტორია | ||
| 942 |
_2udc _cBK |
||